| 000 | 00401nam a2200157Ia 4500 | ||
|---|---|---|---|
| 008 | 210719s1951 xx 000 0 und d | ||
| 041 | _aeng | ||
| 082 | _a813.54 SPEF | ||
| 100 | _aSPELLMAN (Francis) | ||
| 245 | _aFoundling | ||
| 260 |
_aNew York _bCharles Scribners Sons _c1951 |
||
| 300 |
_a304 _bHB |
||
| 650 | _aAmerican English Fiction | ||
| 650 | _aAmerican Literature | ||
| 906 | _aFoundling | ||
| 999 |
_c214281 _d214281 |
||